000 00435nam a2200181Ia 4500
008 151202s9999||||xx |||||||||||||| ||und||
082 _bPNVM-83081
100 _aENID BLYTON.
245 _aShock for the Secret Seven.
260 _b---
260 _c0
300 _a0
600 _aENID BLYTON.
630 _aShock for the Secret Seven.
700 _aENID BLYTON.
730 _aShock for the Secret Seven.
942 _cBOOK
999 _c1347768
_d1347765